000
00316nam a2200133Ia 4500
008
240624s9999 xx 000 0 und d
041
_a
eng
082
_a
338.5 MUK
100
_a
MUKHERJEE SAMPAT
245
_a
MICROECONOMICS
260
_c
2002
_a
New Delhi
_b
Prentice-Hall of India
300
_a
xiv, : 353
365
_c
RS
999
_c
350
_d
350